000 00938nam a2200265Ia 4500
003 OSt
005 20221005110712.0
006 a|||||r|||| 00| 0
007 ta
008 221004b |||||||| |||| 00| 0 hin d
020 _a9788126716814 (hbk)
_c200
024 _a12109
037 _bBR8176, 20/03/2014, Rajkamal Prakashan Pvt. Ltd.
_cTextual
040 _aCRL
_cCRL
_bhin
041 _2hin
_ahin
082 _aO152,3N256,KR, P9
100 _aअमरकान्त
245 0 _aकटीली राह के फूल
246 _aKaṭīlī rāh ke fūla
260 _aनई दिल्ली
_bराजकमल प्रकाशन भारत
_c2009
300 _a127पृ0
_ccm.
650 _aहिन्दी साहित्य
942 _hO152,3N256,KR, P9
_cTEXL
_2cc
999 _c1019622
_d1019622